000 00782nam a2200265Ia 4500
003 CO-BoRNBP
005 20230412200254.0
007 ta
008 170306s9999 xx 000 0 und d
020 _a958049164X
040 _aCO-BoRNBP
_bspa
_erda
_cCO-BoRNBP
041 _aspa
084 _aN GON1
100 _aGonzález, Tomás, 1950-
_91189
245 0 _aPrimero estaba el mar /
_c Tomás González
250 _a6a ed.
264 _aBogotá :
_b Norma,
_c 2006
300 _a125 p.
336 _atexto
_btxt
_2rdacontent
337 _asin mediación
_bn
_2rdamedia
338 _avolumen
_bnc
_2rdacarrier
490 _aLa otra orilla
650 _aLiteratura Colombiana \ Novela Colombiana \ Autores Colombianos \ Relaciones De Pareja - Novela
_2ARMARC
_91190
942 _cBK
999 _c9381
_d9381